00378nam a22001217a 4500082001000000100002600010245012500036260003300161300001000194526001900204650001300223700002000236 aP-244 aAbdul Saboor sun no 1 aStudy of Seepage Control Facilities and Underdrainage system of Ghazi Barotha Power ChannelcAbdul Saboor, Syed Ali Raza aRisalpurbMCEc23 April 2003 aP-262 a0b0c0dP_244 aProjects aDr Farhat Javed